7. EMO Milano

Salvato in:
Dettagli Bibliografici
Natura: Libro
Lingua:ceco
Pubblicazione: Praha : INPRO, 1988
Soggetti:
Tags: Aggiungi Tag
Nessun Tag, puoi essere il primo ad aggiungerne!!

MARC

LEADER 00000nam a22000003a 4500
001 stu41098
005 20150408180607.9
008 930907s1988----cs------------------cze-d
040 |a STU  |b slo 
041 0 |a cze 
044 |a cs 
080 |a 621.9.06 
245 |a 7. EMO Milano 
260 |a Praha :  |b INPRO,  |c 1988 
300 |a 505 s 
650 7 |a stroje obrábacie  |2 stusub 
996 |b 284M026192  |c M*8338/1987-1  |l MMKN  |s A  |a 24  |w stu41098_0001